L' esule di Capri /
Uloženo v:
| Hlavní autor: | |
|---|---|
| Další autoři: | |
| Médium: | Kniha |
| Jazyk: | italština |
| Vydáno: |
Capri :
La conchiglia,
stampa 2003
|
| Edice: | Atyidae ;
39 |
| Tagy: |
Žádné tagy, Buďte první, kdo vytvoří štítek k tomuto záznamu!
|
MARC
| LEADER | 00000nam a22000007i 4500 | ||
|---|---|---|---|
| 001 | IT\ICCU\RMB\0457493 | ||
| 003 | ItRI | ||
| 005 | 20250725115140.0 | ||
| 008 | 051206s2003 it |||||| ||||| |||||c | ||
| 020 | |a 8886443587 | ||
| 040 | |b ita |c ct | ||
| 041 | 7 | |a ita |2 ISO-639-2 | |
| 100 | 1 | |a Peyrefitte, Roger |0 IT\ICCU\CFIV\079761 |4 aut | |
| 240 | 1 | 2 | |a L'exilé de Capri |9 Peyrefitte, Roger |
| 245 | 1 | 3 | |a L' esule di Capri / |c Roger Peyrefitte ; prefazione di Jean Cocteau ; con postfazione ed appendice iconografica. |
| 260 | |a Capri : |b La conchiglia, |c stampa 2003 | ||
| 300 | |a 387 p., 22 cm | ||
| 700 | 1 | |a Cocteau, Jean |0 IT\ICCU\CFIV\020964 | |
| 830 | 0 | |a Atyidae ; |v 39 |0 IT\ICCU\CFI\0229454 | |
| 942 | |2 ddc |c BK | ||
| 952 | |0 0 |1 0 |2 ddc |4 0 |7 0 |9 8974 |a MI |b MI |d 2010-01-18 |i 5766 |l 0 |p CDOM5766 |r 2025-07-17 21:50:40 |w 2025-07-17 |y BK | ||
| 981 | 1 | |6 z01 |a i |b xxxe | |
| 982 | 1 | |6 z01 |a n | |
| 999 | |c 7466 |d 7466 | ||